[Event "C14"]
[Site "?"]
[Date "2016.08.07"]
[Round "20.5"]
[White "Kozak, Antoni"]
[Black "Pultorak, Jan"]
[Result "1/2-1/2"]
[LiveChessVersion "1.4.8"]
[BlackElo "1821"]
[WhiteElo "1772"]

1. e4 c5 2. Nf3 d6 3. Bb5+ Nd7 4. d4 cxd4 5. Qxd4 a6 6. Bxd7+ Bxd7 7. O-O e5 8.
Qd3 h6 9. Rd1 Nf6 10. a4 Rc8 11. c4 Qc7 12. b3 Be7 13. Nc3 O-O 14. Bb2 Rfd8 15.
Nd2 Be6 16. Nf1 Nh5 17. g3 Nf6 18. Ne3 g6 19. Ned5 Nxd5 20. Nxd5 Bxd5 21. Qxd5
Qb6 22. Qd3 Rf8 23. Bc1 Kh7 24. Be3 Qb4 25. Bd2 Qb6 26. Qe3 Qxe3 27. Bxe3 f5 28.
f3 fxe4 29. fxe4 Rf3 30. Re1 Rcf8 31. Ra2 h5 32. Rf2 Rxf2 33. Bxf2 g5 34. Kg2 h4
35. h3 hxg3 36. Bxg3 Kg6 37. Rf1 Rxf1 38. Kxf1 Kh5 39. Kg2 g4 40. Be1 Kg5 41.
Bd2+ Kh5 42. Bb4 b6 43. Kg3 gxh3 44. Kxh3 a5 45. Bd2 Bg5 46. Be1 Be3 47. Bh4 Kg6
48. Kg4 Bd2 49. Bd8 Be3 50. Be7 Bc5 51. Bd8 Kf7 52. Kf5 Ke8 53. Bh4 Kd7 54. Kf6
Kc6 55. Ke6 Ba3 56. Be7 Bc5 57. Bf8 1/2-1/2

[Event "C14"]
[Site "?"]
[Date "2016.08.07"]
[Round "21.1"]
[White "Psyk, Radoslaw"]
[Black "Kosakowski, Jakub"]
[Result "0-1"]
[LiveChessVersion "1.4.8"]
[BlackElo "2191"]
[WhiteElo "2089"]

1. e4 {[%clk 0:03:01]} e5 {[%clk 0:03:03]} 2. Nf3 {[%clk 0:03:02]} Nc6
{[%clk 0:03:04]} 3. Bb5 {[%clk 0:03:03]} a6 {[%clk 0:03:05]} 4. Ba4
{[%clk 0:03:05]} Nf6 {[%clk 0:03:05]} 5. O-O {[%clk 0:03:04]} Nxe4
{[%clk 0:03:06]} 6. d4 {[%clk 0:03:01]} b5 {[%clk 0:03:06]} 7. Bb3
{[%clk 0:03:01]} d5 {[%clk 0:03:07]} 8. dxe5 {[%clk 0:03:01]} Be6
{[%clk 0:03:08]} 9. c3 {[%clk 0:03:01]} Bc5 {[%clk 0:03:08]} 10. Nbd2
{[%clk 0:02:44]} O-O {[%clk 0:03:08]} 11. Bc2 {[%clk 0:02:40]} Nxf2
{[%clk 0:03:08]} 12. Rxf2 {[%clk 0:02:37]} f6 {[%clk 0:03:09]} 13. exf6
{[%clk 0:02:22]} Qxf6 {[%clk 0:03:10]} 14. Nf1 {[%clk 0:01:51]} Bxf2+
{[%clk 0:03:07]} 15. Kxf2 {[%clk 0:01:52]} Ne5 {[%clk 0:03:07]} 16. Kg1
{[%clk 0:00:51]} Nxf3+ {[%clk 0:03:07]} 17. Qxf3 {[%clk 0:00:47]} Qxf3
{[%clk 0:03:08]} 18. gxf3 {[%clk 0:00:48]} Rxf3 {[%clk 0:03:08]} 19. Be3
{[%clk 0:00:38]} Raf8 {[%clk 0:03:08]} 20. Bc5 {[%clk 0:00:33]} R8f6
{[%clk 0:02:59]} 21. Re1 {[%clk 0:00:30]} Kf7 {[%clk 0:02:45]} 22. Ng3
{[%clk 0:00:22]} g6 {[%clk 0:02:21]} 23. Bd1 {[%clk 0:00:21]} Rd3
{[%clk 0:02:19]} 24. Bd4 {[%clk 0:00:16]} Rf4 {[%clk 0:02:00]} 25. Be2
{[%clk 0:00:17]} Rdxd4 {[%clk 0:01:50]} 26. cxd4 {[%clk 0:00:18]} Rxd4
{[%clk 0:01:52]} 27. Rd1 Ra4 28. a3 {[%clk 0:00:12]} c5 {[%clk 0:01:54]} 29. Kf2
{[%clk 0:00:10]} b4 {[%clk 0:01:54]} 30. axb4 {[%clk 0:00:10]} Rxb4
{[%clk 0:01:55]} 31. Rd2 {[%clk 0:00:09]} a5 {[%clk 0:01:56]} 32. Nf1
{[%clk 0:00:08]} Kf6 {[%clk 0:01:54]} 33. Ne3 {[%clk 0:00:09]} Ke5
{[%clk 0:01:56]} 34. Nd1 {[%clk 0:00:07]} d4 {[%clk 0:01:55]} 35. Kg3
{[%clk 0:00:06]} c4 {[%clk 0:01:55]} 36. Nf2 {[%clk 0:00:05]} Rb3+
{[%clk 0:01:55]} 37. Kg2 {[%clk 0:00:05]} d3 {[%clk 0:01:54]} 38. Bd1
{[%clk 0:00:05]} Rb8 {[%clk 0:01:53]} 39. Kf3 {[%clk 0:00:06]} Kd4
{[%clk 0:01:54]} 40. Kg2 {[%clk 0:00:03]} Ke3 {[%clk 0:01:54]} 0-1

[Event "C14"]
[Site "?"]
[Date "2016.08.07"]
[Round "21.2"]
[White "Ochowicz, Jakub"]
[Black "Teclaf, Pawel"]
[Result "0-1"]
[LiveChessVersion "1.4.8"]
[BlackElo "2233"]
[WhiteElo "1786"]

1. e4 {[%clk 0:03:03]} c5 {[%clk 0:03:04]} 2. Nf3 {[%clk 0:03:04]} d6
{[%clk 0:03:05]} 3. d4 {[%clk 0:03:04]} cxd4 {[%clk 0:03:06]} 4. Nxd4
{[%clk 0:03:06]} Nf6 {[%clk 0:03:07]} 5. Nc3 {[%clk 0:03:07]} a6 {[%clk 0:03:09]}
6. Be3 {[%clk 0:03:08]} e6 {[%clk 0:03:10]} 7. Be2 {[%clk 0:03:09]} Be7
{[%clk 0:03:09]} 8. O-O {[%clk 0:03:09]} O-O {[%clk 0:03:10]} 9. a4
{[%clk 0:03:09]} Nc6 {[%clk 0:03:11]} 10. f4 {[%clk 0:03:05]} Qc7
{[%clk 0:03:12]} 11. Bd3 {[%clk 0:03:03]} Nb4 {[%clk 0:03:10]} 12. Kh1
{[%clk 0:02:59]} Re8 {[%clk 0:03:11]} 13. Qf3 {[%clk 0:02:56]} Bd7
{[%clk 0:03:04]} 14. Rae1 {[%clk 0:02:38]} Rac8 {[%clk 0:02:23]} 15. Bd2
{[%clk 0:02:22]} Nxd3 {[%clk 0:02:19]} 16. cxd3 {[%clk 0:02:23]} Qb6
{[%clk 0:02:15]} 17. Be3 {[%clk 0:01:52]} Qc7 {[%clk 0:01:30]} 18. Qg3
{[%clk 0:01:42]} Bf8 {[%clk 0:01:11]} 19. e5 {[%clk 0:01:27]} Nh5
{[%clk 0:01:01]} 20. Qg4 {[%clk 0:01:23]} g6 {[%clk 0:01:01]} 21. Nf3
{[%clk 0:00:36]} Ng7 {[%clk 0:00:54]} 22. Ng5 {[%clk 0:00:28]} Nf5
{[%clk 0:00:49]} 23. Nge4 {[%clk 0:00:24]} Bg7 {[%clk 0:00:50]} 24. Nf6+
{[%clk 0:00:17]} Bxf6 {[%clk 0:00:49]} 25. exf6 {[%clk 0:00:18]} Qd8
{[%clk 0:00:47]} 26. Qg5 {[%clk 0:00:08]} h6 {[%clk 0:00:47]} 27. Qg4
{[%clk 0:00:08]} Qxf6 {[%clk 0:00:47]} 28. Ne4 {[%clk 0:00:09]} Qg7
{[%clk 0:00:44]} 29. Bd2 {[%clk 0:00:07]} d5 {[%clk 0:00:44]} 30. Bc3
{[%clk 0:00:06]} d4 {[%clk 0:00:45]} 31. Bb4 {[%clk 0:00:07]} Bxa4
{[%clk 0:00:40]} 32. Bd6 {[%clk 0:00:06]} f6 {[%clk 0:00:36]} 33. Rc1
{[%clk 0:00:04]} Bc6 {[%clk 0:00:35]} 34. Bb4 {[%clk 0:00:03]} Ne3
{[%clk 0:00:31]} 35. Qg3 {[%clk 0:00:03]} Nxf1 {[%clk 0:00:30]} 36. Rxf1
{[%clk 0:00:05]} Bxe4 {[%clk 0:00:31]} 37. dxe4 {[%clk 0:00:06]} Kh7
{[%clk 0:00:29]} 38. Qd3 {[%clk 0:00:05]} Red8 {[%clk 0:00:24]} 39. e5
{[%clk 0:00:04]} f5 {[%clk 0:00:24]} 40. Bd6 {[%clk 0:00:05]} Qd7
{[%clk 0:00:22]} 41. Qxd4 {[%clk 0:00:05]} Qc6 {[%clk 0:00:23]} 42. h3
{[%clk 0:00:04]} Qb5 {[%clk 0:00:24]} 43. Rd1 {[%clk 0:00:04]} Rc6
{[%clk 0:00:23]} 44. Qd2 {[%clk 0:00:04]} Rdc8 {[%clk 0:00:23]} 45. b4
{[%clk 0:00:04]} Rc2 {[%clk 0:00:23]} 46. Qd4 {[%clk 0:00:04]} Qe2
{[%clk 0:00:22]} 47. Rg1 {[%clk 0:00:05]} Rc1 {[%clk 0:00:18]} 48. Bc5
{[%clk 0:00:05]} Rxg1+ {[%clk 0:00:19]} 49. Kxg1 {[%clk 0:00:06]} Qb5
{[%clk 0:00:20]} 50. Qd6 {[%clk 0:00:05]} Qe8 {[%clk 0:00:21]} 51. Qd3
{[%clk 0:00:03]} Rd8 {[%clk 0:00:21]} 52. Qf3 {[%clk 0:00:05]} Qc6
{[%clk 0:00:22]} 53. Qb3 {[%clk 0:00:05]} Rd5 {[%clk 0:00:21]} 54. Qa3
{[%clk 0:00:03]} Kg7 {[%clk 0:00:17]} 55. Bd6 {[%clk 0:00:04]} Kf7
{[%clk 0:00:18]} 56. Qa1 {[%clk 0:00:03]} Qb6+ {[%clk 0:00:19]} 57. Kh2
{[%clk 0:00:04]} Qe3 {[%clk 0:00:19]} 58. Qf1 {[%clk 0:00:05]} Rd4
{[%clk 0:00:20]} 59. Qd1 {[%clk 0:00:04]} Rxd1 {[%clk 0:00:21]} 0-1

[Event "C14"]
[Site "?"]
[Date "2016.08.07"]
[Round "21.3"]
[White "Sanz Wawer, Daniel"]
[Black "Szpar, Milosz"]
[Result "0-1"]
[LiveChessVersion "1.4.8"]
[BlackElo "2000"]
[WhiteElo "1937"]

1. d4 {[%clk 0:03:03]} Nf6 {[%clk 0:03:03]} 2. c4 {[%clk 0:03:05]} g6
{[%clk 0:03:04]} 3. f3 {[%clk 0:03:06]} Bg7 {[%clk 0:03:04]} 4. e4
{[%clk 0:03:07]} d6 {[%clk 0:03:04]} 5. Nc3 {[%clk 0:03:08]} Nc6 {[%clk 0:03:03]}
6. Nge2 {[%clk 0:02:58]} a6 {[%clk 0:03:02]} 7. Be3 {[%clk 0:02:49]} Rb8
{[%clk 0:02:54]} 8. Rc1 {[%clk 0:02:37]} Bd7 {[%clk 0:02:49]} 9. Qd2
{[%clk 0:02:19]} h5 {[%clk 0:02:36]} 10. g3 {[%clk 0:01:52]} b5 11. c5
{[%clk 0:01:40]} dxc5 {[%clk 0:02:21]} 12. dxc5 {[%clk 0:01:40]} Ne5
{[%clk 0:02:15]} 13. Nd4 {[%clk 0:01:19]} O-O {[%clk 0:02:13]} 14. Be2
{[%clk 0:01:07]} b4 {[%clk 0:01:47]} 15. Nb1 {[%clk 0:01:05]} a5 {[%clk 0:01:47]}
16. O-O {[%clk 0:00:57]} Bh3 {[%clk 0:01:30]} 17. Rfd1 {[%clk 0:00:49]} Qc8
{[%clk 0:01:30]} 18. f4 {[%clk 0:00:39]} Neg4 {[%clk 0:01:26]} 19. Nc6
{[%clk 0:00:20]} Qe6 {[%clk 0:01:26]} 20. Bxg4 {[%clk 0:00:12]} Qxg4
{[%clk 0:01:15]} 21. Nxb8 {[%clk 0:00:05]} Rxb8 {[%clk 0:01:16]} 22. Qc2
{[%clk 0:00:06]} 0-1

[Event "C14"]
[Site "?"]
[Date "2016.08.07"]
[Round "21.4"]
[White "Kozak, Antoni"]
[Black "Dytman, Radoslaw"]
[Result "1-0"]
[LiveChessVersion "1.4.8"]
[BlackElo "1802"]
[WhiteElo "1772"]

1. e4 {[%clk 0:03:03]} e5 {[%clk 0:03:04]} 2. Nf3 {[%clk 0:03:04]} Nc6
{[%clk 0:03:05]} 3. Bc4 {[%clk 0:03:05]} Bc5 {[%clk 0:03:06]} 4. b4
{[%clk 0:03:06]} Bxb4 {[%clk 0:03:06]} 5. c3 {[%clk 0:03:08]} Ba5
{[%clk 0:03:08]} 6. d4 {[%clk 0:03:08]} d6 {[%clk 0:03:00]} 7. Qb3
{[%clk 0:03:09]} Qe7 {[%clk 0:02:38]} 8. d5 {[%clk 0:03:10]} Nd4 {[%clk 0:02:21]}
9. Nxd4 {[%clk 0:02:49]} exd4 {[%clk 0:02:21]} 10. Qa4+ {[%clk 0:02:50]} Bd7
{[%clk 0:02:21]} 11. Qxa5 {[%clk 0:02:51]} Qxe4+ {[%clk 0:02:19]} 12. Kd1
{[%clk 0:02:21]} Bg4+ {[%clk 0:01:42]} 13. f3 {[%clk 0:02:02]} Bxf3+
{[%clk 0:01:42]} 14. gxf3 {[%clk 0:02:03]} Qxf3+ {[%clk 0:01:43]} 15. Kc2
{[%clk 0:02:04]} Qxh1 {[%clk 0:01:34]} 16. Qb5+ {[%clk 0:01:59]} Ke7
{[%clk 0:01:07]} 17. Qxb7 {[%clk 0:01:37]} Qxh2+ {[%clk 0:01:05]} 18. Bd2
{[%clk 0:01:22]} Nf6 {[%clk 0:00:51]} 19. Na3 {[%clk 0:01:14]} dxc3
{[%clk 0:00:40]} 20. Re1+ {[%clk 0:01:14]} Kd7 {[%clk 0:00:23]} 21. Bb5+
{[%clk 0:01:10]} 1-0

[Event "C14"]
[Site "?"]
[Date "2016.08.07"]
[Round "21.5"]
[White "Ossolinski, Ziemowit"]
[Black "Szczurek, Krzysztof"]
[Result "1/2-1/2"]
[LiveChessVersion "1.4.8"]
[BlackElo "1939"]
[WhiteElo "1550"]

1. e4 c5 2. Ne2 d6 3. c4 Nf6 4. Nbc3 g6 5. d4 cxd4 6. Nxd4 Nc6 7. Be2 Bg7 8. Be3
O-O 9. O-O e5 10. Nc2 Be6 11. f3 a6 12. Rc1 Nh5 13. Qd2 Nf4 14. b3 Bh6 15. Nd5
Bxd5 16. cxd5 Ne7 17. Kh1 f5 18. g3 Nxe2 19. Bxh6 Nxc1 20. Bxf8 Nxb3 21. axb3
Qxf8 22. Qb4 Rd8 23. Ne3 f4 24. Nc4 fxg3 25. hxg3 b5 26. Ne3 Qh6+ 27. Kg2 Qxe3
28. Rf2 Nc8 29. Qa5 Qb6 30. Qa3 Rf8 31. b4 a5 32. bxa5 Qc5 33. Qb3 b4 34. Qa4 Ne7
35. a6 Qa7 36. Ra2 Qe3 37. Rf2 b3 38. a7 Ra8 39. Qd7 Qxa7 40. Qe6+ Kg7 41. Qxd6
Ng8 42. Qxe5+ Nf6 43. d6 Qa5 44. Qe7+ Kh6 45. Qxf6 Qb6 46. e5 b2 47. Qf4+ Kg7 48.
Qf6+ Kg8 49. Qe6+ Kg7 50. Qf6+ Kh6 51. Qh4+ Kg7 52. Qf6+ 1/2-1/2

[Event "C14"]
[Site "?"]
[Date "2016.08.07"]
[Round "22.1"]
[White "Kosakowski, Jakub"]
[Black "Psyk, Radoslaw"]
[Result "1-0"]
[LiveChessVersion "1.4.8"]
[BlackElo "2089"]
[WhiteElo "2191"]

1. e4 {[%clk 0:03:03]} Nf6 {[%clk 0:03:04]} 2. e5 {[%clk 0:03:05]} Nd5
{[%clk 0:03:05]} 3. g3 {[%clk 0:03:06]} d6 {[%clk 0:03:01]} 4. exd6
{[%clk 0:03:07]} exd6 {[%clk 0:02:43]} 5. Bg2 {[%clk 0:03:08]} Nf6
{[%clk 0:02:42]} 6. Ne2 {[%clk 0:03:08]} Be7 {[%clk 0:02:36]} 7. O-O
{[%clk 0:03:08]} O-O {[%clk 0:02:25]} 8. d4 {[%clk 0:03:08]} Nc6 {[%clk 0:02:23]}
9. c4 {[%clk 0:03:08]} Bf5 {[%clk 0:02:21]} 10. Nbc3 {[%clk 0:03:04]} Nb4
{[%clk 0:02:00]} 11. Bg5 {[%clk 0:02:58]} c6 {[%clk 0:01:59]} 12. a3
{[%clk 0:02:58]} Na6 {[%clk 0:01:58]} 13. h3 {[%clk 0:02:53]} d5 {[%clk 0:01:57]}
14. Bxf6 {[%clk 0:02:51]} Bxf6 {[%clk 0:01:56]} 15. cxd5 {[%clk 0:02:52]} cxd5
{[%clk 0:01:46]} 16. Nxd5 {[%clk 0:02:53]} Rc8 {[%clk 0:01:37]} 17. Nec3
{[%clk 0:02:39]} Nc7 {[%clk 0:01:13]} 18. Nxf6+ {[%clk 0:02:31]} Qxf6
{[%clk 0:01:13]} 19. Qa4 {[%clk 0:02:30]} Ne6 {[%clk 0:01:09]} 20. Rad1
{[%clk 0:02:28]} Ng5 {[%clk 0:01:09]} 21. h4 {[%clk 0:02:23]} Ne6
{[%clk 0:00:56]} 22. d5 {[%clk 0:02:17]} Nc5 {[%clk 0:00:55]} 23. Qxa7
{[%clk 0:02:16]} Bc2 {[%clk 0:00:52]} 24. Rd2 {[%clk 0:02:14]} Bd3
{[%clk 0:00:49]} 25. Re1 {[%clk 0:02:12]} Ba6 {[%clk 0:00:41]} 26. d6
{[%clk 0:02:10]} Rcd8 {[%clk 0:00:41]} 27. Qxc5 {[%clk 0:02:10]} Qh6
{[%clk 0:00:37]} 28. Qg5 {[%clk 0:02:08]} Rxd6 {[%clk 0:00:35]} 29. Qxh6
{[%clk 0:02:09]} Rxh6 {[%clk 0:00:35]} 30. Re7 {[%clk 0:02:09]} Re6
{[%clk 0:00:32]} 31. Rxe6 {[%clk 0:02:09]} fxe6 {[%clk 0:00:30]} 32. Rd6
{[%clk 0:02:09]} Kf7 {[%clk 0:00:28]} 33. Bxb7 {[%clk 0:02:09]} Bc4
{[%clk 0:00:25]} 34. Ba6 {[%clk 0:02:04]} Bb3 {[%clk 0:00:26]} 35. Ne4
{[%clk 0:01:59]} Ke7 {[%clk 0:00:24]} 36. Rb6 {[%clk 0:01:59]} Bd5
{[%clk 0:00:24]} 37. Bb7 {[%clk 0:01:57]} Rb8 {[%clk 0:00:23]} 38. Nc5
{[%clk 0:01:51]} h5 {[%clk 0:00:06]} 39. a4 {[%clk 0:01:50]} g5 {[%clk 0:00:05]}
40. hxg5 {[%clk 0:01:48]} h4 {[%clk 0:00:06]} 41. gxh4 {[%clk 0:01:49]} Kf7
{[%clk 0:00:04]} 42. a5 {[%clk 0:01:49]} Bc4 {[%clk 0:00:03]} 43. a6
{[%clk 0:01:49]} Rd8 {[%clk 0:00:04]} 44. a7 {[%clk 0:01:49]} Rd1+
{[%clk 0:00:05]} 45. Kg2 {[%clk 0:01:50]} Bf1+ {[%clk 0:00:06]} 46. Kg3
{[%clk 0:01:50]} Rc1 {[%clk 0:00:05]} 47. a8=Q {[%clk 0:01:49]} Rxc5
{[%clk 0:00:06]} 48. Bf3 {[%clk 0:01:49]} Rf5 {[%clk 0:00:05]} 49. Bh5+
{[%clk 0:01:49]} Ke7 {[%clk 0:00:06]} 50. Rb7+ {[%clk 0:01:49]} Kd6
{[%clk 0:00:07]} 51. Qd8+ {[%clk 0:01:49]} Kc5 {[%clk 0:00:06]} 52. Qb6+
{[%clk 0:01:49]} Kd5 {[%clk 0:00:07]} 53. Bf3+ {[%clk 0:01:50]} Rxf3+
{[%clk 0:00:07]} 54. Kxf3 {[%clk 0:01:51]} e5 {[%clk 0:00:08]} 55. Rd7+
{[%clk 0:01:50]} Kc4 {[%clk 0:00:09]} 56. b3+ {[%clk 0:01:51]} Kc3
{[%clk 0:00:10]} 57. Qe3+ {[%clk 0:01:52]} Kb4 {[%clk 0:00:11]} 58. Rb7+
{[%clk 0:01:52]} Ka3 {[%clk 0:00:12]} 59. b4+ {[%clk 0:01:53]} Ka4
{[%clk 0:00:13]} 60. b5 {[%clk 0:01:53]} Ka5 {[%clk 0:00:15]} 61. Qa3# 1-0

[Event "C14"]
[Site "?"]
[Date "2016.08.07"]
[Round "22.2"]
[White "Teclaf, Pawel"]
[Black "Ochowicz, Jakub"]
[Result "1/2-1/2"]
[LiveChessVersion "1.4.8"]
[BlackElo "1786"]
[WhiteElo "2233"]

1. e4 {[%clk 0:03:03]} c6 {[%clk 0:03:04]} 2. d4 {[%clk 0:03:04]} d5
{[%clk 0:03:05]} 3. exd5 {[%clk 0:03:05]} cxd5 {[%clk 0:03:07]} 4. c4
{[%clk 0:03:06]} Nf6 {[%clk 0:03:07]} 5. Nc3 {[%clk 0:03:08]} Nc6
{[%clk 0:03:08]} 6. cxd5 {[%clk 0:03:08]} Nxd5 {[%clk 0:03:09]} 7. Bc4
{[%clk 0:03:09]} e6 {[%clk 0:03:04]} 8. Nf3 {[%clk 0:03:10]} a6 {[%clk 0:03:05]}
9. O-O {[%clk 0:03:10]} b5 {[%clk 0:03:06]} 10. Bd3 {[%clk 0:03:06]} Bb7
{[%clk 0:03:02]} 11. Re1 {[%clk 0:03:04]} Be7 {[%clk 0:03:03]} 12. a3
{[%clk 0:02:58]} Rc8 {[%clk 0:03:03]} 13. Qe2 {[%clk 0:02:54]} Na5
{[%clk 0:02:59]} 14. Nxd5 {[%clk 0:02:33]} Bxd5 {[%clk 0:03:00]} 15. Bf4
{[%clk 0:02:23]} O-O {[%clk 0:02:46]} 16. Rac1 {[%clk 0:02:18]} Nb3
{[%clk 0:02:32]} 17. Rxc8 {[%clk 0:02:14]} Qxc8 {[%clk 0:02:33]} 18. Bb1
{[%clk 0:01:56]} Bf6 {[%clk 0:02:24]} 19. Be5 {[%clk 0:01:57]} Qd8
{[%clk 0:02:07]} 20. Qd3 {[%clk 0:01:51]} g6 {[%clk 0:02:05]} 21. Ba2
{[%clk 0:01:26]} Bxf3 {[%clk 0:01:52]} 22. Qxf3 {[%clk 0:01:17]} Bxe5
{[%clk 0:01:50]} 23. dxe5 {[%clk 0:01:18]} Nd4 {[%clk 0:01:43]} 24. Qe4
{[%clk 0:01:14]} Nf5 {[%clk 0:01:37]} 25. Bb3 {[%clk 0:01:03]} Qd2
{[%clk 0:01:29]} 26. Qe2 {[%clk 0:00:28]} Rd8 {[%clk 0:00:38]} 27. Kf1
{[%clk 0:00:28]} Kg7 {[%clk 0:00:24]} 28. g4 {[%clk 0:00:22]} Qxe2+
{[%clk 0:00:13]} 29. Rxe2 {[%clk 0:00:22]} Nd4 {[%clk 0:00:10]} 30. Rd2
{[%clk 0:00:23]} Nc6 {[%clk 0:00:10]} 31. Rxd8 {[%clk 0:00:22]} Nxd8
{[%clk 0:00:12]} 32. g5 {[%clk 0:00:20]} Nc6 {[%clk 0:00:13]} 33. f4
{[%clk 0:00:21]} Nd4 {[%clk 0:00:14]} 34. Bd1 {[%clk 0:00:22]} Kf8
{[%clk 0:00:12]} 35. Kf2 {[%clk 0:00:23]} Ke7 {[%clk 0:00:13]} 36. Ke3
{[%clk 0:00:25]} Nf5+ {[%clk 0:00:09]} 37. Kd3 {[%clk 0:00:26]} Kd7
{[%clk 0:00:08]} 38. Bg4 {[%clk 0:00:26]} Ne7 {[%clk 0:00:07]} 39. Bf3
{[%clk 0:00:26]} Kc7 {[%clk 0:00:08]} 40. Be4 {[%clk 0:00:26]} Kb6
{[%clk 0:00:08]} 41. b4 {[%clk 0:00:26]} a5 {[%clk 0:00:05]} 42. h4
{[%clk 0:00:26]} axb4 {[%clk 0:00:05]} 43. axb4 {[%clk 0:00:27]} Kc7
{[%clk 0:00:05]} 44. Kc3 {[%clk 0:00:27]} Kb6 {[%clk 0:00:04]} 45. Kd4
{[%clk 0:00:28]} Nc6+ {[%clk 0:00:04]} 46. Kc3 {[%clk 0:00:27]} Ne7
{[%clk 0:00:05]} 47. h5 {[%clk 0:00:23]} Nc6 {[%clk 0:00:04]} 48. h6
{[%clk 0:00:21]} Ne7 {[%clk 0:00:05]} 49. Bg2 {[%clk 0:00:19]} Nf5
{[%clk 0:00:03]} 50. Kd3 {[%clk 0:00:20]} Ne7 {[%clk 0:00:03]} 51. Be4
{[%clk 0:00:18]} Nc6 {[%clk 0:00:04]} 52. Kc3 {[%clk 0:00:19]} Ne7
{[%clk 0:00:05]} 53. Kd2 {[%clk 0:00:13]} Nc6 {[%clk 0:00:05]} 54. Kc3
{[%clk 0:00:13]} Ne7 {[%clk 0:00:06]} 55. Kd2 {[%clk 0:00:10]} 1/2-1/2

[Event "C14"]
[Site "?"]
[Date "2016.08.07"]
[Round "22.3"]
[White "Szpar, Milosz"]
[Black "Sanz Wawer, Daniel"]
[Result "1/2-1/2"]
[LiveChessVersion "1.4.8"]
[BlackElo "1937"]
[WhiteElo "2000"]

1. e4 {[%clk 0:03:03]} c5 {[%clk 0:03:04]} 2. Nf3 {[%clk 0:03:05]} e6
{[%clk 0:03:05]} 3. d4 {[%clk 0:03:06]} cxd4 4. Nxd4 {[%clk 0:03:07]} Nc6
{[%clk 0:03:08]} 5. Nc3 {[%clk 0:03:07]} a6 {[%clk 0:03:07]} 6. Be3
{[%clk 0:03:03]} Qc7 {[%clk 0:03:07]} 7. Bd3 {[%clk 0:02:58]} Nf6
{[%clk 0:02:59]} 8. O-O {[%clk 0:02:56]} Ne5 {[%clk 0:02:51]} 9. Qe2
{[%clk 0:02:45]} Bc5 {[%clk 0:02:43]} 10. h3 {[%clk 0:02:34]} O-O
{[%clk 0:02:34]} 11. Rad1 {[%clk 0:02:13]} b5 {[%clk 0:02:15]} 12. f4
{[%clk 0:02:07]} Nxd3 {[%clk 0:02:13]} 13. Qxd3 {[%clk 0:01:50]} b4
{[%clk 0:01:42]} 14. Nce2 {[%clk 0:01:51]} Bb7 {[%clk 0:01:37]} 15. Ng3
{[%clk 0:01:52]} Rfd8 {[%clk 0:01:26]} 16. Rfe1 {[%clk 0:01:33]} Rac8
{[%clk 0:01:22]} 17. Rd2 {[%clk 0:01:30]} h5 {[%clk 0:01:02]} 18. e5
{[%clk 0:01:13]} Nd5 {[%clk 0:00:54]} 19. Ne4 Nxe3 {[%clk 0:00:46]} 20. Rxe3
{[%clk 0:00:59]} Bxe4 {[%clk 0:00:33]} 21. Rxe4 {[%clk 0:00:50]} d6
{[%clk 0:00:29]} 22. Kh2 {[%clk 0:00:39]} dxe5 {[%clk 0:00:28]} 23. fxe5
{[%clk 0:00:40]} Rd5 {[%clk 0:00:25]} 24. Qg3 {[%clk 0:00:25]} Bxd4
{[%clk 0:00:18]} 25. Rdxd4 {[%clk 0:00:22]} Rxd4 {[%clk 0:00:18]} 26. Rxd4
{[%clk 0:00:23]} a5 {[%clk 0:00:13]} 27. Rd2 {[%clk 0:00:17]} Qc4
{[%clk 0:00:08]} 28. b3 {[%clk 0:00:13]} Qe4 {[%clk 0:00:09]} 29. Qf2
{[%clk 0:00:06]} Qxe5+ {[%clk 0:00:09]} 30. Kg1 {[%clk 0:00:08]} Qa1+ 31. Kh2
Qe5+ {[%clk 0:00:09]} 32. Kg1 {[%clk 0:00:10]} g6 {[%clk 0:00:06]} 33. Rd7
{[%clk 0:00:10]} Rf8 {[%clk 0:00:06]} 1/2-1/2

[Event "C14"]
[Site "?"]
[Date "2016.08.07"]
[Round "22.4"]
[White "Dytman, Radoslaw"]
[Black "Kozak, Antoni"]
[Result "0-1"]
[LiveChessVersion "1.4.8"]
[BlackElo "1772"]
[WhiteElo "1802"]

1. e4 {[%clk 0:03:03]} c6 {[%clk 0:03:04]} 2. d4 {[%clk 0:03:05]} d5
{[%clk 0:03:05]} 3. Nc3 {[%clk 0:03:06]} dxe4 {[%clk 0:03:06]} 4. Nxe4
{[%clk 0:03:07]} Bf5 {[%clk 0:03:07]} 5. Ng3 {[%clk 0:03:08]} Bg6
{[%clk 0:03:08]} 6. h4 {[%clk 0:03:09]} h6 {[%clk 0:03:10]} 7. Nf3
{[%clk 0:03:07]} Nd7 {[%clk 0:03:10]} 8. h5 {[%clk 0:03:06]} Bh7 {[%clk 0:03:11]}
9. Bd3 {[%clk 0:03:08]} Bxd3 {[%clk 0:03:11]} 10. Qxd3 {[%clk 0:03:08]} e6
{[%clk 0:03:12]} 11. Be3 {[%clk 0:03:09]} Ngf6 {[%clk 0:03:13]} 12. c4
{[%clk 0:03:02]} Qc7 {[%clk 0:03:10]} 13. O-O-O {[%clk 0:02:56]} O-O-O
{[%clk 0:03:09]} 14. Kb1 {[%clk 0:02:46]} Bd6 {[%clk 0:03:07]} 15. Ne4
{[%clk 0:02:43]} Nxe4 {[%clk 0:03:07]} 16. Qxe4 {[%clk 0:02:43]} c5
{[%clk 0:02:59]} 17. d5 {[%clk 0:02:27]} Nf6 {[%clk 0:02:59]} 18. Qc2
{[%clk 0:02:21]} exd5 {[%clk 0:02:54]} 19. cxd5 Kb8 {[%clk 0:02:49]} 20. Rhe1
{[%clk 0:02:14]} Nxh5 {[%clk 0:02:40]} 21. Qf5 {[%clk 0:02:14]} Nf6
{[%clk 0:02:40]} 22. Rc1 {[%clk 0:01:52]} Qd7 {[%clk 0:02:29]} 23. Qd3
{[%clk 0:01:43]} b6 {[%clk 0:02:22]} 24. Re2 {[%clk 0:01:25]} Bc7
{[%clk 0:02:16]} 25. Qb3 {[%clk 0:01:06]} Qxd5 {[%clk 0:02:06]} 26. Qb5
{[%clk 0:01:07]} Qd3+ {[%clk 0:01:47]} 27. Qxd3 {[%clk 0:01:08]} Rxd3
{[%clk 0:01:48]} 28. Rec2 {[%clk 0:01:09]} a5 {[%clk 0:01:40]} 29. a3
{[%clk 0:01:10]} Nd5 {[%clk 0:01:32]} 30. Bd2 {[%clk 0:01:04]} Bf4
{[%clk 0:01:22]} 31. Bxf4+ {[%clk 0:00:54]} Nxf4 {[%clk 0:01:23]} 32. Ne5
{[%clk 0:00:54]} Rd5 {[%clk 0:01:13]} 33. Nc4 {[%clk 0:00:39]} Kb7
{[%clk 0:00:58]} 34. g3 {[%clk 0:00:38]} Ne6 {[%clk 0:00:56]} 35. Re2
{[%clk 0:00:29]} Rhd8 {[%clk 0:00:45]} 36. Ne5 {[%clk 0:00:27]} f6
{[%clk 0:00:32]} 37. Nc4 {[%clk 0:00:22]} Nd4 {[%clk 0:00:31]} 38. Re7+
{[%clk 0:00:21]} R8d7 {[%clk 0:00:33]} 39. Rce1 {[%clk 0:00:11]} Nf3
{[%clk 0:00:30]} 40. R1e3 {[%clk 0:00:06]} Nd2+ {[%clk 0:00:29]} 41. Nxd2
{[%clk 0:00:04]} Rxd2 {[%clk 0:00:30]} 42. Rxd7+ {[%clk 0:00:05]} Rxd7
{[%clk 0:00:31]} 43. Kc2 {[%clk 0:00:06]} Kc7 {[%clk 0:00:31]} 44. Re8
{[%clk 0:00:03]} Kd6 {[%clk 0:00:27]} 45. Rb8 {[%clk 0:00:04]} Kc6
{[%clk 0:00:28]} 46. Re8 {[%clk 0:00:05]} Kc7 {[%clk 0:00:21]} 47. Re6
{[%clk 0:00:06]} b5 {[%clk 0:00:19]} 48. Re3 {[%clk 0:00:05]} Kc6
{[%clk 0:00:20]} 49. Re6+ {[%clk 0:00:06]} Kc7 {[%clk 0:00:17]} 50. Re3
{[%clk 0:00:06]} a4 {[%clk 0:00:18]} 51. Re6 {[%clk 0:00:07]} h5 {[%clk 0:00:12]}
52. Re4 {[%clk 0:00:08]} Kc6 {[%clk 0:00:12]} 53. Re6+ {[%clk 0:00:09]} Rd6
{[%clk 0:00:14]} 54. Re7 {[%clk 0:00:10]} g6 {[%clk 0:00:14]} 55. Re4
{[%clk 0:00:05]} f5 {[%clk 0:00:14]} 56. Re7 {[%clk 0:00:06]} Kd5
{[%clk 0:00:15]} 57. Rb7 {[%clk 0:00:06]} Kc4 {[%clk 0:00:15]} 58. Re7
{[%clk 0:00:04]} b4 {[%clk 0:00:15]} 59. axb4 {[%clk 0:00:04]} cxb4
{[%clk 0:00:16]} 60. Rc7+ {[%clk 0:00:05]} Kb5 {[%clk 0:00:17]} 61. Rb7+
{[%clk 0:00:06]} Kc5 {[%clk 0:00:19]} 62. Rc7+ {[%clk 0:00:04]} Rc6
{[%clk 0:00:20]} 63. Rg7 {[%clk 0:00:05]} Kd4+ {[%clk 0:00:19]} 64. Kd2
{[%clk 0:00:06]} Ra6 {[%clk 0:00:15]} 65. Rd7+ {[%clk 0:00:07]} Ke5
{[%clk 0:00:17]} 66. Re7+ {[%clk 0:00:06]} Kf6 {[%clk 0:00:17]} 67. Rb7
{[%clk 0:00:06]} a3 {[%clk 0:00:17]} 68. bxa3 {[%clk 0:00:04]} bxa3
{[%clk 0:00:18]} 69. Rb1 {[%clk 0:00:05]} a2 70. Ra1 Ke5 {[%clk 0:00:21]} 71. Ke3
{[%clk 0:00:08]} Ra3+ {[%clk 0:00:21]} 72. Ke2 {[%clk 0:00:08]} Ke4
{[%clk 0:00:22]} 73. f3+ {[%clk 0:00:06]} Kd4 {[%clk 0:00:23]} 74. Kf2
{[%clk 0:00:03]} Kc3 {[%clk 0:00:23]} 75. Rc1+ {[%clk 0:00:04]} Kb2
{[%clk 0:00:24]} 0-1